000 00645nam a2200229Ia 4500
003 OSt
005 20221007064037.0
006 a|||||r|||| 00| 0
007 ta
008 221006b |||||||| |||| 00| 0 eng d
024 _a25,322
037 _cTextual
040 _aFLL
_cFLL
_beng
041 _2eng
_aeng
082 _aZ3:922, K8.1
100 _aThorne Samuel E.
_9684995
245 0 _aBraction on the laws and customs of England
260 _aCambridge
_bHarvard University Press Massachusetts
_c1968
300 _alvi,422p
_ccm.
942 _hZ3:922, K8.1
_cTEXL
_2CC
999 _c1132847
_d1132847